Τα πάθη της ψυχής

Αποθηκεύτηκε σε:
Λεπτομέρειες βιβλιογραφικής εγγραφής
Κύριος συγγραφέας: Descartes, Rene, 1596-1650
Άλλοι συγγραφείς: Πρελορέντζος, Γιάννης (Μεταφραστής), Καλταμπάνος, Νίκος (Επιμελητής έκδοσης), Κοτρόγιαννος, Δημήτρης (Επιμελητής έκδοσης)
Μορφή: Βιβλίο
Γλώσσα:Greek
French
Δημοσίευση: Αθήνα : Κριτική, 1996.
Σειρά:Γλώσσα - Θεωρία - Πράξη ; 3
Θέματα:
Ετικέτες: Προσθήκη ετικέτας
Δεν υπάρχουν, Καταχωρήστε ετικέτα πρώτοι!

MARC

LEADER 00000cam a2200000 i 4500
001 1/78736
008 050615s1996 gr | ||| |||| ||gre||
020 |a 9602181281 
035 |l 10078580 
040 |a GR-MyUA  |b gre  |e AACR2 
041 1 |a gre  |h fre 
082 0 |a 194  |2 (22) 
100 1 |a Descartes, Rene,   |d 1596-1650. 
245 1 3 |a Τα πάθη της ψυχής /   |c Rene Descartes ; εισαγωγή-μετάφραση Γιάννης Πρελορέντζος ; επιστημονική επιμέλεια Δημήτρης Κοτρογιάννος ; γλωσικκή επιμέλεια Νίκος Καλταμπάνος ; επίμετρο Jean-Luc Marion ; μετάφραση Δημήτρης Ροζάκης.  
260 |a Αθήνα :   |b Κριτική,   |c 1996.  
300 |a 282 σ. ;   |c 21 εκ.  
490 1 |a (Γλώσσα-θεωρία-πράξη   |v ; 3)  
500 |a Μετάφραση από τα γαλλικά 
500 |a Επίμετρο του Jean-Luc Marion σε μετάφραση του Δημήτρη Ροζάκη 
500 |a Τίτλος πρωτοτύπου: Oeuvres de descartes.  
504 |a Περιέχει βιβλιογραφία και ευρετήριο.  
600 1 0 |a Descartes, Rene,   |d 1596-1650. 
650 0 0 |a Philosophy. 
650 0 0 |a Mathematics. 
650 0 0 |a Philosophy, French. 
650 0 0 |a Philosophers  |x Correspondence. 
700 1 |a Πρελορέντζος, Γιάννης,  |e trl 
700 1 |a Καλταμπάνος, Νίκος,  |e edt 
700 1 |a Κοτρόγιαννος, Δημήτρης,  |e edt 
830 0 |a Γλώσσα - Θεωρία - Πράξη ;  |v  3 
852 |a INST  |b LESVOS  |e 20050615  |h 194 DES  |p 005100032180  |q 005100032180  |t BK  |y 0 
901 |a BIBL1-2005-2 
909 |a Λ  |b 121025 
920 |a ΕΠΕΑΕΚ ΚΟΙΝΩΝΙΚΗΣ ΑΝΘΡΩΠΟΛΟΓΙΑΣ ΚΑΙ ΙΣΤΟΡΙΑΣ  |y Λέσβος  |z 2004-12 
970 |a ΚΑΡΑ  |b ΓΙΑΣΕΜΗ  |z 2005/06/15